Georgian Alphabet - Statistics

General Stats
  • This quiz has been taken 498 times
  • The average score is 24 of 34
Answer Stats
Letter Name % Correct
Ani
100%
Bani
98%
Eni
92%
Doni
91%
Gani
91%
Ini
87%
Lasi
86%
Oni
85%
Mani
84%
Nari
84%
Vini
82%
Tani
81%
Zeni
81%
Rae
80%
P'ari
79%
Kani
78%
Sani
78%
T'ari
78%
Uni
76%
Kani
69%
Pari
67%
Chini
61%
Shini
61%
Jani
60%
Hae
59%
Dzilli
56%
Ghani
56%
Tsani
55%
Ts'ili
53%
Khani
50%
Zhani
50%
Q'ari
46%
Qari/Hari
26%
Ch'ari
9%
No matching quizzes found
Score Distribution
Percent of People with Each Score
Percentile by Number Answered
Your Score History
You have not taken this quiz